A muzsikáló ezüstkecske Magyar népmese ; Illusztr. György Dolán

Bibliographic Details
Other Authors: Dolán, Juraj, 1952- (Illustrator)
Format: Article
Language:Hungarian
Subjects:

MARC

LEADER 00000nab a2200000 a 4500
001 vtls000479937
003 SK-MaSNL
005 20260303020332.0
008 160202c1993 xo 0 hun
015 |a SNBRB19rr/mm-uuuuu 
035 |a CL0480072 
040 |a SNKBUCL  |b slo  |c SNKBUCL  |e AACR2 
041 0 |a hun 
044 |a xo  |c SK 
080 |a 894.511-93=945.11  |2 1981 
080 |a 398.2  |2 1981 
245 0 0 |a A muzsikáló ezüstkecske  |b Magyar népmese ; Illusztr. György Dolán 
300 |b Obr. 1 
650 0 7 |a ľudové rozprávky  |2 snkbucl  |9 73195 
655 7 |a články z novín a časopisov  |2 snkbucl  |9 267496 
655 7 |a články z odboru literárna veda a krásna literatúra  |2 snkbucl  |9 770045 
700 1 |a Dolán, Juraj,  |d 1952-  |4 ill 
773 0 |t Tücsök  |g Roč. 3, č. 1 (1993), s. 16-17 
850 |a Slovenská národná knižnica v Martine  |a MTA001 
852 |a SNK  |b KIS3GCP 
958 |a RK 
958 |a HU 
958 |a LX 
992 |a RBX 
999 |c 1617708  |d 1619638